Petites villes de France - Carte Quiz - Statistiques

Statistiques générales
  • Ce quiz a été pris 282 fois
  • Le résultat moyen est 11 sur 20
Réponses sur la Carte
Les réponses sont colorées sur une échelle allant du rouge au vert en fonction du pourcentage des utilisateurs qui les ont devinées à leur premier essai. Vous pouvez retrouver ces pourcentages ci-dessous.
 
Statistiques - réponses
Réponse % Correct
Guingamp
80%
Foix
72%
Privas
70%
Marnes-la-Coquette
69%
Le Grau-du-Roi
67%
Bandol
63%
Sochaux
61%
Capbreton
57%
Sisteron
57%
Roscoff
53%
Nantua
50%
Langres
49%
La Souterraine
49%
Saint-Affrique
49%
Cerbère
42%
Bourbon-Lancy
41%
Péronne
41%
Gourdon
40%
Champagnole
37%
Ciboure
35%
Aucun quiz correspondant
Distribution des résultats
% des personnes avec chaque résultat
Percentile par nombre de réponses
Votre historique - résultats
Vous n’avez pas pris ce quiz